| 000 | 00991 a2200217 4500 | ||
|---|---|---|---|
| 001 | 60618 | ||
| 005 | 20260407155857.0 | ||
| 008 | 260407a2002 arg spa d | ||
| 003 | AR-UNSa-BCEJYS | ||
| 040 |
_aAR-UNSa-BCEJYS _bspa _cAR-UNSa-BCEJYS |
||
| 080 |
_a342.2 _xEstado. Formas del Estado (Reforma del Estado) |
||
| 245 | 1 | 0 |
_a¿Prosperidad o ilusión? _pLas reformas de los 90 en la Argentina |
| 020 | _a978-950-569-184-5 | ||
| 264 | 1 |
_aBuenos Aires : _bAbaco _c2002 |
|
| 300 |
_a349 p. _c23 cm. |
||
| 505 | _a1. La reforma económica - 2. La reforma del estado – 3. La reforma monetaria – 4. La reforma fiscal – 5. La reforma educativa – 6. La reforma laboral – 7. La reforma previsional – 8. La reforma constitucional – 9. La reforma administrativa – 10. Los decretos de necesidad y urgencia – 11. Las denuncias de corrupción – 12. El debate público | ||
| 041 | _aspa | ||
| 942 | _cBK | ||
| 590 | _aniveau_biblio:m niveau_hierar:0 | ||
| 100 | 1 | _aDíaz, Rodolfo | |
| 999 |
_c7074 _d7074 |
||